000 00702nas a2200241 4500
001 BR9502252
003 BR-BrBNA
005 20231205093954.0
007 ta
008 230509b bl.|||p| |||| 00| 00por d
040 _aBR-BrBNA
_bpor
_cBiblioteca Nacional de Agricultura
041 _a(En)
072 _aP32
100 1 _aMcGregor, D.F.M.
100 1 _aEden, M.J.
245 1 _aGeomorpholog and land development in the Maraca area of northern Roraima, Brazil
650 _aSolo
650 _aGeomorfologia
650 _aRoraima
773 0 _tActa Amazonica (Brazil)
_xISSN 0044-5967
_g(1991), v. 21 p. 391-407
_wBR9502252
909 _a202311
_bLúcia
_c55
_dLúcia Elande
942 _2AGRIS
_n0
_cANA
999 _c141378
_d141378